000
00271nam a22001097a 4500
008
240710b |||||||| |||| 00| 0 eng d
100
_a
Sadarangani, Guli
_9
16767
245
_a
Sadhna Jo Sapino
260
_a
Bombay:
_b
Lok Sewa Mandal
_c
1964.
300
_a
144p.
942
_c
BK
999
_c
39894
_d
39894